000
00308nam a2200121Ia 4500
008
190216s9999||||xx |||||||||||||| ||und||
100
_a
Vailoppilli Sreedhara Menon
245
0
_a
Makarkkoithu
260
_b
Sahithya Pravarthaka Sahakarana Sangam
_c
1980
300
_a
236p
650
_a
Kavithkal
942
_c
BK
999
_c
25890
_d
25890